000 00437nam a22001817a 4500
003 MPLRDC
005 20220104144228.0
008 210129b ||||| |||| 00| 0 eng d
082 _a740.274 ECDZ-3
100 _a吴穹
245 _a英伦之战
_c
250 _a初版
260 _a
_b天地图书
_c1994
300 _b
490 _a二次大战全纪录. 3
650 _a第二次世界大战
942 _cBK
_o740.274 ECDZ-3
999 _c47626
_d47616